01419cam a2200325 a 450000100090000000300040000900500170001300800410003001000170007102000350008804000170012305000160014008200180015624501160017426000420029030000340033250400510036650502960041765000210071365000710073465000580080565000460086365000390090965000390094865000220098765000220100970000200103170000200105170000220107112101178OSt20230706153010.0000710s2001 maua b 001 0 eng  a 00106440  a0312201575 (pbk. : alk. paper) aDLCcLCdDLC00aPE1417.C77 00a808/.042722100aCultural conversations: the presence of the past. /c[edited by] Stephen Dilks, Regina Hansen, Matthew Parfitt. aBoston:bBedford/St. Martin's,c2001. axix, 664 p. :bill. ;c23 cm. aIncludes bibliographical references and index. aContents: Gender: is one born a woman? -- African American identity: how does race shape the arts? -- Disabled persons: how do individuals form a culture? -- The unconscious: how can we understand ourselves? -- Nonviolence: a weapon of peace? -- The frontier: how do we imagine the west? --  0aCollege readers. 0aInterdisciplinary approach in educationvProblems, exercises, etc. 0aEnglish languagexRhetoricvProblems, exercises, etc. 0aReport writingvProblems, exercises, etc. 0aCulturevProblems, exercises, etc. 0aHistoryvProblems, exercises, etc. 0aReadersxCulture. 0aReadersxHistory.1 aDilks, Stephen.1 aHansen, Regina.1 aParfitt, Matthew.